| 000 | 00433nam a2200157 i 4500 | ||
|---|---|---|---|
| 001 | bg | ||
| 245 | 0 |
_aApplied mechanics / _ced. M. Hetényi, W. G. Vincenti. |
|
| 260 |
_aBerlin : _bSpringer- Verlag, _c1969. |
||
| 700 | 1 |
_aHetényi, Miklós _d(1906- ). _eRed. |
|
| 700 | 1 |
_aVincenti, Walter Guido _d(1917- ). _eRed. |
|
| 040 | _cBPK | ||
| 041 | _apol | ||
| 080 | _a621.01 | ||
| 942 | _cKS | ||
| 008 | s pl f |000 0 pol | ||
| 999 |
_c13786 _d13786 |
||
| 856 |
_uhttp://koha.tu.koszalin.pl/cgi-bin/koha/opac-detail.pl?biblionumber=13786 _yKatalog online BPK |
||